Mundo Geo matemático: habitando las ciencias

Uloženo v:
Podrobná bibliografie
Médium: Kniha
Jazyk:španělština
Vydáno: Santiago Consultora A1clic Ltda 2012
Vydání:1a. ed
Témata:
Tagy: Přidat tag
Žádné tagy, Buďte první, kdo vytvoří štítek k tomuto záznamu!

MARC

LEADER 00000cam a2200000 a 4500
001 UCE0384
003 CL-VaPUC
008 140116e20120000cl |||||||||||||||||spa|d
020 |a 9789569185007 
082 0 4 |a 510.712  |b MUN  |2 21 
245 1 0 |a Mundo Geo matemático: habitando las ciencias 
250 |a 1a. ed 
300 |a 164 p 
942 |c BK 
945 |d 20140116 11:53:00  |a dcastane 
260 |a Santiago  |b Consultora A1clic Ltda  |c 2012 
650 0 |a Matemáticas  |x Enseñanza  |9 875527 
650 0 |a Matemática  |9 260235 
650 0 |a Geografía  |9 259346 
583 |a last modification  |c 20140116 11:53:00  |k Rodrigo Vera 
999 |c 354541  |d 354539